Le travail humain (Record no. 158878)

MARC details
000 -LEADER
campo de control de longitud fija 00588nam a22001815i 4500
001 - NÚMERO DE CONTROL
campo de control 158878
003 - IDENTIFICADOR DE NÚMERO DE CONTROL
campo de control ES-MaACL
005 - FECHA Y HORA DE LA ÚLTIMA TRANSACCIÓN
campo de control 20250826070419.0
008 - DATOS DE LONGITUD FIJA--INFORMACIÓN GENERAL
campo de control de longitud fija 981201s1878 fr |||| | fre d
040 ## - FUENTE DE CATALOGACIÓN
Centro catalogador/agencia de origen CCPB | B
Lengua de catalogación spa
Centro/agencia transcriptor CCPB | B
100 1# - ENTRADA PRINCIPAL--NOMBRE DE PERSONA
Nombre de persona Martín, Melitón.
9 (RLIN) 77355
245 10 - MENCIÓN DEL TÍTULO
Título Le travail humain
Resto del título : son analyse, ses lois, son évolution /
Mención de responsabilidad, etc. par Méliton Martin.
260 ## - PUBLICACIÓN, DISTRIBUCIÓN, ETC.
Lugar de publicación, distribución, etc. Paris :
Nombre del editor, distribuidor, etc. Librairie Guillaumin, Éditeur,
Fecha de publicación, distribución, etc. 1878.
300 ## - DESCRIPCIÓN FÍSICA
Extensión 368 p. ;
Dimensiones 18 cm.
650 04 - PUNTO DE ACCESO ADICIONAL DE MATERIA--TÉRMINO DE MATERIA
Término de materia o nombre geográfico como elemento de entrada Trabajo-
Subdivisión general Filosofía
9 (RLIN) 17595
852 ## - LOCALIZACIÓN
Ubicación ES-MaACL
Número de control de estantería F-11446
Nota libre -- Enc. hol.
Holdings
Estatus retirado Estado de pérdida Estado de daño No para préstamo Colección Biblioteca de origen Biblioteca actual Ubicación en estantería Fecha de adquisición Fuente de adquisición Total de préstamos Signatura topográfica completa Código de barras Visto por última vez Precio de reemplazo Tipo de ítem Koha
        Libros del s. XIX Biblioteca del Ateneo de Madrid Biblioteca del Ateneo de Madrid Sala Pecera Planta 2 17/01/2008     F-11446 1166294 23/02/2023 23/02/2023 Libro impreso antiguo